[Event "07, WM Moskau [i 38/519"]
[Site "07, WM Moskau [i 38/519"]
[Date "1984.??.??"]
[Round "?"]
[White "Karpov, Anatoly"]
[Black "Kasparov, Gary"]
[Result "1-0"]
[WhiteElo "2700"]
[BlackElo "2710"]
[PlyCount "87"]
[EventDate "1984.??.??"]
[Source "www.chesslib.no"]
[SourceDate "2004.05.04"]

1. d4 d5 2. c4 e6 3. Nf3 c5 4. cxd5 exd5 5. g3 Nf6 6. Bg2 Be7 7. O-O O-O 8. Nc3 Nc6 9. Bg5 cxd4 10. Nxd4 h6 11. Be3 Re8 12. Qb3 Na5 13. Qc2 Bg4 14. Nf5 Rc8 15. Nxe7+ Rxe7 16. Rad1 Qe8 17. h3 Bh5 18. Bxd5 Bg6 19. Qc1 Nxd5 20. Rxd5 Nc4 21. Bd4 Rec7 22. b3 Nb6 23. Re5 Qd7 24. Qe3 f6 25. Rc5 Rxc5 26. Bxc5 Qxh3 27. Rd1 h5 28. Rd4 Nd7 29. Bd6 Bf7 30. Nd5 Bxd5 31. Rxd5 a6 32. Bf4 Nf8 33. Qd3 Qg4 34. f3 Qg6 35. Kf2 Rc2 36. Qe3 Rc8 37. Qe7 b5 38. Rd8 Rxd8 39. Qxd8 Qf7 40. Bd6 g5 41. Qa8 Kg7 42. Qxa6 Qd7 43. Bxf8+ Kxf8 44. Qxf6+ 1-0

[Event "Linares"]
[Site "Linares"]
[Date "1994.??.??"]
[Round "?"]
[White "Kasparov, G."]
[Black "Illescas Cordoba, M."]
[Result "1-0"]
[WhiteElo "2805"]
[BlackElo "2590"]
[PlyCount "95"]
[EventDate "1994.02.??"]
[Source "www.chesslib.no"]
[SourceDate "2004.05.04"]

1. c4 Nf6 2. Nc3 c5 3. g3 e6 4. Nf3 Nc6 5. Bg2 d5 6. cxd5 exd5 7. d4 Be7 8. O-O O-O 9. Bg5 cxd4 10. Nxd4 h6 11. Be3 Re8 12. Rc1 Bf8 13. Nxc6 bxc6 14. Na4 Bd7 15. Bc5 Bxc5 16. Nxc5 Bg4 17. Re1 Qa5 18. h3 Bf5 19. Qd4 Rab8 20. a3 Qb5 21. b3 Ne4 22. b4 a5 23. Nxe4 Bxe4 24. Rc5 Qb6 25. bxa5 Qb2 26. Qxb2 Rxb2 27. Rxc6 Ra2 28. Rec1 Rxa3 29. Rc8 Rxc8 30. Rxc8+ Kh7 31. f3 Bf5 32. Rc5 Be6 33. Kf2 g5 34. f4 gxf4 35. gxf4 d4 36. Be4+ Kg7 37. f5 Ba2 38. Bd3 Kf6 39. a6 Ke7 40. Rc6 f6 41. Rc7+ Kd6 42. Rh7 Ra4 43. Rxh6 Ke5 44. Rh7 Bc4 45. Re7+ Kd6 46. Re4 Bxd3 47. exd3 Rxa6 48. Re6+ 1-0

[Event "Leon"]
[Site "?"]
[Date "1993.??.??"]
[Round "?"]
[White "Karpov, An"]
[Black "Illescas Cordoba, M."]
[Result "1-0"]
[WhiteElo "2725"]
[BlackElo "2615"]
[PlyCount "71"]
[EventDate "1993.??.??"]
[Source "ChessBase"]
[SourceDate "1993.02.01"]

1. c4 c5 2. Nf3 Nf6 3. Nc3 e6 4. g3 d5 5. cxd5 exd5 6. d4 Nc6 7. Bg2 Be7 8. O-O O-O 9. Bg5 cxd4 10. Nxd4 h6 11. Be3 Re8 12. Rc1 Bf8 13. a3 Bg4 14. h3 Be6 15. Nxc6 bxc6 16. Bd4 Bd7 17. Qd3 Nh7 18. Be3 Bd6 19. Rfd1 Be6 20. b4 Nf8 21. Na4 Ng6 22. Qc3 Bd7 23. Nc5 Bxc5 24. Bxc5 Rxe2 25. Be3 Qe7 26. Bf1 Rxe3 27. Qxe3 Qxe3 28. fxe3 Re8 29. Kf2 Ne5 30. Rc5 Re7 31. e4 Be6 32. b5 cxb5 33. exd5 Bd7 34. d6 Re6 35. Bxb5 Rf6+ 36. Kg2 1-0

[Event "Nassau CC-ch"]
[Site "?"]
[Date "2001.11.19"]
[Round "6"]
[White "Novikov Igor A"]
[Black "Stripunsky Alexander"]
[Result "1/2-1/2"]
[WhiteElo "2681"]
[BlackElo "2624"]
[PlyCount "32"]
[EventDate "2001.??.??"]
[Source "www.chesslib.no"]
[SourceDate "2004.05.04"]

1. d4 d5 2. c4 e6 3. Nf3 c5 4. cxd5 exd5 5. Nc3 Nc6 6. g3 Nf6 7. Bg2 Be7 8. O-O O-O 9. dxc5 Bxc5 10. Bg5 Be6 11. Bxf6 Qxf6 12. Nxd5 Qxb2 13. Nc7 Rad8 14. Qc1 Qxc1 15. Raxc1 b6 16. Nxe6 fxe6 1/2-1/2

[Event "Linares"]
[Site "?"]
[Date "1994.??.??"]
[Round "?"]
[White "Kramnik, Vladimir"]
[Black "Illescas Cordoba, M."]
[Result "1-0"]
[WhiteElo "2710"]
[BlackElo "2590"]
[PlyCount "75"]
[EventDate "1994.??.??"]
[Source "ChessBase"]
[SourceDate "1994.02.01"]

1. d4 e6 2. c4 d5 3. Nf3 Nf6 4. Nc3 c5 5. cxd5 exd5 6. g3 Nc6 7. Bg2 Be7 8. O-O O-O 9. Bg5 cxd4 10. Nxd4 h6 11. Be3 Re8 12. Rc1 Bf8 13. Na4 Bd7 14. Nc5 Na5 15. b3 Rc8 16. Nxd7 Qxd7 17. Qd3 Nc6 18. Nxc6 bxc6 19. Rfd1 Qb7 20. Bc5 Bxc5 21. Rxc5 Qe7 22. Rc2 Qa3 23. e3 Red8 24. Qf5 Rb8 25. Rxc6 Qxa2 26. Rxf6 gxf6 27. Bxd5 Rxd5 28. Rxd5 Qxb3 29. Qg4+ Kh7 30. Rd6 Qb1+ 31. Kg2 Qg6 32. Qf3 Kg7 33. Ra6 Rb5 34. Rxa7 Rf5 35. Qe2 Qh5 36. g4 Qg6 37. Rxf7+ Kxf7 38. Qc4+ 1-0

[Event "London ENG"]
[Site "London ENG"]
[Date "1983.??.??"]
[Round "2"]
[White "Korchnoi, Viktor L"]
[Black "Kasparov, Gary"]
[Result "1/2-1/2"]
[WhiteElo "2600"]
[BlackElo "2690"]
[PlyCount "61"]
[EventDate "1983.??.??"]
[Source "www.chesslib.no"]
[SourceDate "2004.05.04"]

1. Nf3 d5 2. d4 e6 3. c4 c5 4. cxd5 exd5 5. g3 Nf6 6. Bg2 Be7 7. O-O O-O 8. Nc3 Nc6 9. Bg5 cxd4 10. Nxd4 h6 11. Be3 Re8 12. a3 Be6 13. Qb3 Qd7 14. Nxe6 fxe6 15. Rad1 Bd6 16. Bc1 Kh8 17. Qa4 Qe7 18. e3 a6 19. Qh4 Rac8 20. e4 d4 21. Ne2 e5 22. Bh3 Rc7 23. Bg5 Rg8 24. Bxf6 Qxf6 25. Qxf6 gxf6 26. Nc1 Na5 27. Nd3 Nb3 28. Bf5 a5 29. Kg2 Kg7 30. Kh3 Re7 31. Nc1 1/2-1/2

[Event "Donner Memorial"]
[Site "Amsterdam Donner mem"]
[Date "1994.??.??"]
[Round "1"]
[White "Lautier, Joel"]
[Black "Piket, Jeroen"]
[Result "1/2-1/2"]
[WhiteElo "2625"]
[BlackElo "2605"]
[PlyCount "47"]
[EventDate "1994.??.??"]
[Source "www.chesslib.no"]
[SourceDate "2004.05.04"]

1. c4 e6 2. Nc3 d5 3. d4 c5 4. cxd5 exd5 5. Nf3 Nc6 6. g3 Nf6 7. Bg2 Be7 8. O-O O-O 9. Bg5 c4 10. Ne5 Be6 11. Nxc6 bxc6 12. b3 Qa5 13. Na4 Rfd8 14. e3 Rd6 15. h4 g6 16. bxc4 Rb8 17. f4 a6 18. c5 Ne4 19. cxd6 Rd8 20. Rc1 Nf2 21. Rc2 Qd2 22. Rxd2 Re8 23. Qg4 Bf5 24. Rdd1 1/2-1/2

[Event "Manila izt"]
[Site "Manila"]
[Date "1990.??.??"]
[Round "?"]
[White "Gurevich, M."]
[Black "Tal, M."]
[Result "1-0"]
[WhiteElo "2640"]
[BlackElo "2580"]
[PlyCount "79"]
[EventDate "1990.06.??"]
[Source "www.chesslib.no"]
[SourceDate "2004.05.04"]

1. c4 e6 2. d4 d5 3. Nc3 c5 4. cxd5 exd5 5. Nf3 Nc6 6. g3 Nf6 7. Bg2 Be7 8. O-O O-O 9. Bg5 cxd4 10. Nxd4 h6 11. Be3 Re8 12. Rc1 Bf8 13. Qa4 Ne5 14. Rcd1 Bd7 15. Qb3 Bc6 16. Nxc6 bxc6 17. Bd4 Rb8 18. Qc2 Qa5 19. Qf5 Rxb2 20. Nxd5 Rxe2 21. Nxf6+ gxf6 22. Be4 Bg7 23. Qh7+ Kf8 24. Rc1 f5 25. Bxc6 Re7 26. Bb5 Nf3+ 27. Kg2 Nxd4 28. Rc8+ Re8 29. Bxe8 Qd5+ 30. Kh3 Rxe8 31. Rxe8+ Kxe8 32. Qxg7 Qe4 33. f4 Ne6 34. Qe5 Qc2 35. Rf3 Kf8 36. Rb3 Kg8 37. Rb8+ Kh7 38. Rh8+ Kg6 39. Rg8+ Kh5 40. g4# 1-0

[Event "ICC GM Fights 1"]
[Site "Internet"]
[Date "1999.05.22"]
[Round "4"]
[White "Piket, Jeroen"]
[Black "Annakov, Babakuli"]
[Result "1/2-1/2"]
[WhiteElo "2619"]
[BlackElo "2600"]
[PlyCount "100"]
[EventDate "1999.05.??"]
[Source "ChessBase"]
[SourceDate "1999.07.10"]

1. d4 d5 2. c4 e6 3. Nf3 c5 4. cxd5 exd5 5. g3 Nc6 6. Bg2 Nf6 7. O-O Be7 8. Nc3 O-O 9. dxc5 Bxc5 10. Bg5 d4 11. Bxf6 Qxf6 12. Nd5 Qd6 13. Nd2 Bf5 14. Rc1 Rac8 15. Qb3 b6 16. a3 Rfe8 17. Qf3 Qd7 18. Rfe1 Ne5 19. Qf4 Ng6 20. Qg5 h6 21. Qh5 Bg4 22. Qxh6 gxh6 23. Nf6+ Kg7 24. Nxd7 Bxd7 25. Bb7 Rb8 26. Ba6 Bf5 27. b4 Bf8 28. Nf3 Rbd8 29. Red1 d3 30. Bxd3 Bxd3 31. exd3 Re2 32. Rc7 a5 33. bxa5 bxa5 34. a4 Rb8 35. Rd2 Rxd2 36. Nxd2 Rb4 37. Nc4 Rxa4 38. Ra7 Ra1+ 39. Kg2 a4 40. h4 h5 41. Ra5 a3 42. Rxh5 Rd1 43. Ra5 Rxd3 44. h5 Rc3 45. Ra4 Rxc4 46. Rxc4 Ne5 47. Ra4 Nd3 48. Kf1 Bb4 49. Ke2 Nc5 50. Ra8 Ne4 1/2-1/2

[Event "Moscow"]
[Site "?"]
[Date "2004.??.??"]
[Round "?"]
[White "Rustemov, A."]
[Black "Lastin, A."]
[Result "1-0"]
[WhiteElo "2585"]
[BlackElo "2625"]
[PlyCount "129"]
[EventDate "2004.??.??"]
[Source "Chess Informant"]
[SourceDate "2004.02.01"]

1. d4 d5 2. c4 e6 3. Nf3 c5 4. cxd5 exd5 5. Nc3 Nc6 6. g3 Nf6 7. Bg2 Be7 8. O-O O-O 9. Bg5 cxd4 10. Nxd4 h6 11. Be3 Re8 12. Rc1 Bf8 13. Nb3 Be6 14. Bc5 d4 15. Bxc6 bxc6 16. Qxd4 Bxc5 17. Qxc5 Bxb3 18. axb3 Rb8 19. Rfd1 Qb6 20. Qxb6 Rxb6 21. Rd2 Rxb3 22. Nd1 Rb6 23. f3 Nh7 24. Kf2 Nf8 25. Rd6 c5 26. Rd5 Ne6 27. e3 g6 28. g4 g5 29. Rd7 a6 30. Kg3 Kg7 31. Rc2 Reb8 32. h4 gxh4+ 33. Kxh4 R8b7 34. Rd5 Rb3 35. Rc1 a5 36. Ra1 Ra7 37. Ra4 Rb4 38. Ra3 a4 39. Kg3 c4 40. f4 Rc7 41. Kf3 Nc5 42. Rc3 Nd7 43. Rc2 Nc5 44. Nf2 Ne6 45. Ne4 Rcb7 46. Rdd2 Kf8 47. Nd6 Rd7 48. Ke2 Re7 49. Kd1 Rc7 50. Nf5 Rb3 51. Rd6 a3 52. bxa3 Rxa3 53. Ke2 h5 54. Rb6 Rb3 55. Ra6 Rb8 56. gxh5 Rc5 57. Ng3 Kg7 58. Kf3 Rb3 59. Rg2 Rc8 60. Nf5+ Kh7 61. Ra7 Rf8 62. Nd6 Nd8 63. Nxc4 Nc6 64. Rd7 Rb5 65. Nd6 1-0

[Event "VIII Dos Hermanas Internet"]
[Site "ICC INT"]
[Date "2007.03.23"]
[Round "2.2"]
[White "Golod, V."]
[Black "Petrosian, TL."]
[Result "1/2-1/2"]
[WhiteElo "2597"]
[BlackElo "2592"]
[PlyCount "160"]
[EventDate "2007.03.23"]
[Source "www.chesslib.no"]
[SourceDate "2004.05.04"]

1. d4 d5 2. c4 e6 3. Nf3 c5 4. cxd5 exd5 5. Nc3 Nc6 6. g3 Nf6 7. Bg2 Be7 8. O-O O-O 9. Bg5 cxd4 10. Nxd4 h6 11. Bf4 Bg4 12. h3 Bh5 13. Nf5 Bg6 14. Nxe7+ Qxe7 15. Nxd5 Nxd5 16. Qxd5 Rad8 17. Qb5 Nd4 18. Qxb7 Nxe2+ 19. Kh2 Qxb7 20. Bxb7 Nxf4 21. gxf4 Rb8 22. Bd5 Rxb2 23. Kg3 Rd8 24. Rfd1 Kf8 25. Bb3 Rdd2 26. Rxd2 Rxd2 27. Rc1 Rd3+ 28. f3 Ke7 29. Rc7+ Rd7 30. Rc6 Rd6 31. Rc7+ Rd7 32. Rc6 Bf5 33. Rc5 g6 34. Ra5 Kd8 35. h4 h5 36. Bd5 Ke7 37. Be4 Kf6 38. Ra6+ Be6 39. a3 Ke7 40. Ra5 f5 41. Bc2 Rc7 42. Bd3 Bd7 43. Kf2 Kd6 44. Ke3 Bc8 45. Kd4 Be6 46. Ra6+ Ke7 47. Bb5 Bf7 48. a4 Be6 49. Rc6 Rd7+ 50. Ke3 Rb7 51. Ra6 Rc7 52. Kd4 Bf7 53. Bc6 Be6 54. Bd5 Bxd5 55. Kxd5 Kf7 56. a5 Rb7 57. Kc6 Re7 58. Kd5 Rb7 59. Rc6 Rb5+ 60. Rc5 Rb4 61. Rc7+ Kf6 62. Rc6+ Kf7 63. Rc7+ Kf6 64. Rxa7 Rxf4 65. Ra6+ Kf7 66. Ke5 Rxh4 67. Ra7+ Ke8 68. Kf6 Ra4 69. Kxg6 h4 70. a6 h3 71. Kg5 h2 72. Rh7 Rxa6 73. Rxh2 Ra5 74. f4 Kf7 75. Rh7+ Kg8 76. Re7 Kf8 77. Re6 Kf7 78. Rf6+ Kg7 79. Rxf5 Rxf5+ 80. Kxf5 Kf7 1/2-1/2

[Event "VIII Dos Hermanas Internet"]
[Site "ICC INT"]
[Date "2007.03.23"]
[Round "2.4"]
[White "Golod, V."]
[Black "Petrosian, TL."]
[Result "0-1"]
[WhiteElo "2597"]
[BlackElo "2592"]
[PlyCount "88"]
[EventDate "2007.03.23"]
[Source "www.chesslib.no"]
[SourceDate "2004.05.04"]

1. d4 d5 2. c4 e6 3. Nf3 c5 4. cxd5 exd5 5. Nc3 Nc6 6. g3 Nf6 7. Bg2 Be7 8. O-O O-O 9. Bg5 cxd4 10. Nxd4 h6 11. Bf4 Bg4 12. h3 Bh5 13. Nb3 Re8 14. g4 Bg6 15. Nxd5 Nxd5 16. Qxd5 Bf6 17. Nc5 Qxd5 18. Bxd5 Rxe2 19. Nxb7 Nd4 20. Rad1 Rxb2 21. Kg2 Rb5 22. Rxd4 Bxd4 23. Bf3 Rb2 24. h4 Re8 25. h5 Bh7 26. Nd6 Rd8 27. Bd5 Rf8 28. Bg3 Bc5 29. Nxf7 Rxf7 30. Rc1 Rc2 31. Re1 Kf8 32. Bxf7 Kxf7 33. a4 a5 34. Re5 Bb4 35. Re3 Rc3 36. Re5 Rc4 37. f3 Rc2+ 38. Kh3 Bd3 39. Re3 Bf1+ 40. Kh4 Be7+ 41. Rxe7+ Kxe7 42. Be5 Kf7 43. Kg3 Rg2+ 44. Kf4 Ra2 0-1

[Event "Corr"]
[Site "?"]
[Date "1999.06.30"]
[Round "?"]
[White "Sloth Jorn"]
[Black "Soltau Achim"]
[Result "1/2-1/2"]
[WhiteElo "2610"]
[BlackElo "2577"]
[PlyCount "39"]
[EventDate "1999.??.??"]
[Source "www.chesslib.no"]
[SourceDate "2004.05.04"]

1. d4 d5 2. c4 e6 3. Nf3 c5 4. cxd5 exd5 5. g3 Nc6 6. Bg2 Nf6 7. O-O Be7 8. Nc3 O-O 9. Bg5 cxd4 10. Nxd4 h6 11. Be3 Re8 12. a3 Bg4 13. Qb3 Na5 14. Qa2 Nc4 15. Nxd5 Rc8 16. Nxe7+ Rxe7 17. Qb3 Nxe3 18. fxe3 Qe8 19. Rf4 Rxe3 20. Qxb7 1/2-1/2

[Event "RUS-ch 54th"]
[Site "Elista"]
[Date "2001.05.06"]
[Round "6"]
[White "Shipov, Sergei"]
[Black "Bezgodov, Alexei"]
[Result "1/2-1/2"]
[WhiteElo "2640"]
[BlackElo "2543"]
[PlyCount "57"]
[EventDate "2001.04.29"]
[Source "ChessBase"]
[SourceDate "2001.07.05"]

1. d4 d5 2. c4 e6 3. Nf3 c5 4. cxd5 exd5 5. g3 Nc6 6. Bg2 Nf6 7. O-O Be7 8. Nc3 O-O 9. Bg5 cxd4 10. Nxd4 h6 11. Be3 Re8 12. Qb3 Na5 13. Qc2 Bg4 14. Nf5 Rc8 15. Bd4 Bc5 16. Bxc5 Rxc5 17. Ne3 Be6 18. Rfd1 Nc4 19. Nxc4 Rxc4 20. Qd3 Qc8 21. e3 Bg4 22. Re1 Bf5 23. Qd1 d4 24. exd4 Rxe1+ 25. Qxe1 Rxd4 26. Nb5 Rd8 27. Rd1 Rxd1 28. Qxd1 Be4 29. Nc3 1/2-1/2

[Event "Deizisau op"]
[Site "Deizisau"]
[Date "2000.??.??"]
[Round "9"]
[White "Vaganian, Rafael A"]
[Black "Bu Xiangzhi"]
[Result "1/2-1/2"]
[WhiteElo "2618"]
[BlackElo "2565"]
[PlyCount "102"]
[EventDate "2000.??.??"]
[Source "www.chesslib.no"]
[SourceDate "2004.05.04"]

1. Nf3 d5 2. d4 c5 3. c4 e6 4. cxd5 exd5 5. g3 Nc6 6. Bg2 Nf6 7. Nc3 Be7 8. O-O O-O 9. Bg5 cxd4 10. Nxd4 h6 11. Bf4 Bg4 12. h3 Be6 13. Nxe6 fxe6 14. e4 d4 15. e5 dxc3 16. exf6 Bxf6 17. bxc3 Qxd1 18. Raxd1 Rad8 19. Rb1 Rd7 20. Rfe1 Kf7 21. Bxc6 bxc6 22. Rb3 Rfd8 23. Re4 Rd5 24. Rc4 R8d7 25. Ra3 Bg5 26. Bb8 a5 27. Rxc6 Rf5 28. Rc7 Ke8 29. Rxd7 Kxd7 30. Ba7 Kc6 31. c4 Be7 32. Re3 e5 33. Rb3 Bb4 34. a3 Rf7 35. Be3 Bc5 36. Bxc5 Kxc5 37. Rb5+ Kxc4 38. Rxe5 a4 39. Re3 g5 40. Kg2 h5 41. g4 hxg4 42. hxg4 Rb7 43. Re5 Rg7 44. Kg3 Kb3 45. Re3+ Kb2 46. f4 gxf4+ 47. Kxf4 Rf7+ 48. Kg3 Rg7 49. Kf3 Rg8 50. Kg3 Rg7 51. Rd3 Rb7 1/2-1/2

[Event "Pappier Memorial A"]
[Site "CAPA email"]
[Date "1998.??.??"]
[Round "?"]
[White "Umansky, Mikhail Markovich"]
[Black "Ramirez, Abraham Raul (ARG)"]
[Result "1/2-1/2"]
[WhiteElo "2700"]
[BlackElo "2480"]
[PlyCount "59"]
[EventDate "1998.??.??"]
[Source "www.chesslib.no"]
[SourceDate "2004.05.04"]

1. d4 d5 2. c4 e6 3. Nf3 Nf6 4. g3 c5 5. cxd5 exd5 6. Bg2 Be7 7. O-O O-O 8. Nc3 Nc6 9. dxc5 Bxc5 10. Bg5 d4 11. Bxf6 Qxf6 12. Nd5 Qd8 13. Nd2 a6 14. Rc1 Ba7 15. Nf4 Re8 16. Rxc6 bxc6 17. Bxc6 Rb8 18. Bxe8 Qxe8 19. Qc2 Bb7 20. Qc7 Qb5 21. Rc1 h6 22. a4 Qxa4 23. Nc4 Qc6 24. Qxc6 Bxc6 25. Nd6 Bb5 26. Nxf7 d3 27. exd3 Bd4 28. Nd6 Bxb2 29. Rb1 Be5 30. Nxb5 1/2-1/2

[Event "France"]
[Site "?"]
[Date "1991.??.??"]
[Round "?"]
[White "Polugaevsky, L."]
[Black "Illescas Cordoba, M."]
[Result "1-0"]
[WhiteElo "2630"]
[BlackElo "2545"]
[PlyCount "55"]
[EventDate "1991.??.??"]
[Source "ChessBase"]
[SourceDate "1991.06.01"]

1. d4 d5 2. c4 e6 3. Nf3 c5 4. cxd5 exd5 5. g3 Nf6 6. Bg2 Be7 7. Nc3 Nc6 8. O-O O-O 9. Bg5 cxd4 10. Nxd4 h6 11. Be3 Re8 12. Rc1 Bf8 13. Qa4 Na5 14. Rcd1 Bd7 15. Qc2 Rc8 16. Qb1 Nc4 17. Nxd5 Nxd5 18. Bxd5 Nxe3 19. fxe3 Kh8 20. Rxf7 Ba4 21. Ne6 Qb6 22. Qg6 Qxe3+ 23. Kh1 Qe5 24. Be4 Kg8 25. Rf3 Qxe4 26. Qxe4 Bxd1 27. Rxf8+ Rxf8 28. Nxf8 1-0

[Event "Biel"]
[Site "?"]
[Date "1992.??.??"]
[Round "?"]
[White "Miles, A."]
[Black "Lautier, J."]
[Result "1-0"]
[WhiteElo "2595"]
[BlackElo "2580"]
[PlyCount "135"]
[EventDate "1992.??.??"]
[Source "ChessBase"]
[SourceDate "1992.06.01"]

1. c4 Nf6 2. Nf3 c5 3. Nc3 e6 4. g3 d5 5. cxd5 exd5 6. d4 Nc6 7. Bg2 Be7 8. O-O O-O 9. dxc5 Bxc5 10. Bg5 d4 11. Bxf6 Qxf6 12. Nd5 Qd8 13. Nd2 Re8 14. Rc1 Bf8 15. Nf4 Bg4 16. Bf3 Bxf3 17. Nxf3 Bd6 18. Nd3 Re4 19. a3 Qd7 20. Rc2 Rae8 21. Re1 h5 22. b4 h4 23. b5 Nd8 24. a4 hxg3 25. hxg3 Ne6 26. Kg2 Nc7 27. Rh1 Nd5 28. Rh3 f6 29. Qh1 Kf7 30. Rh8 Qg4 31. Rxe8 Rxe8 32. Rc4 Rxe2 33. Rxd4 Qf5 34. Kf1 Re7 35. Nh4 Ne3+ 36. Kg1 Qe6 37. Qf3 Nc2 38. Qh5+ Kg8 39. Rg4 Ne1 40. Ng6 Re8 41. Qh8+ Kf7 42. Nge5+ Ke7 43. Qxg7+ Kd8 44. Nf7+ Kc8 45. Re4 Nf3+ 46. Kg2 Ne5 47. Ndxe5 Bxe5 48. Qg6 Kc7 49. Nxe5 Qd5 50. Qh7+ Kc8 51. Kh2 fxe5 52. Qf5+ Kb8 53. Rh4 Qc5 54. Rh5 Kc7 55. Rh7+ Re7 56. Rh6 Re8 57. Qf7+ Re7 58. Qf8 e4 59. a5 e3 60. b6+ axb6 61. axb6+ Kd7 62. Qf3 exf2 63. Qxb7+ Ke8 64. Qa8+ Kd7 65. Qa4+ Kc8 66. Rc6+ Kb8 67. Rxc5 f1=Q 68. Qf4+ 1-0

[Event "Muensterland op 19th"]
[Site "Senden"]
[Date "2002.10.17"]
[Round "8"]
[White "Landa, Konstantin"]
[Black "Berelovich, Aleksandar"]
[Result "1-0"]
[WhiteElo "2632"]
[BlackElo "2541"]
[PlyCount "79"]
[EventDate "2002.10.12"]
[Source "ChessBase"]
[SourceDate "2002.11.06"]

1. c4 e6 2. Nc3 d5 3. d4 c5 4. cxd5 exd5 5. Nf3 Nc6 6. g3 Nf6 7. Bg2 Be7 8. O-O O-O 9. Bg5 cxd4 10. Nxd4 h6 11. Be3 Bg4 12. Qa4 Na5 13. Rad1 Bd7 14. Qc2 Rc8 15. Nf5 Nc4 16. Nxe7+ Qxe7 17. Bd4 Be6 18. b3 Nb6 19. Qb2 Rfd8 20. Rd2 Nbd7 21. Rfd1 b6 22. h3 Re8 23. e3 h5 24. h4 Bg4 25. Re1 Qe6 26. Ne2 Bxe2 27. Rdxe2 Qf5 28. Qa3 a5 29. Qd6 Ne4 30. Qf4 Qe6 31. Kh2 Ndf6 32. f3 Nc3 33. Rd2 Qe7 34. Bh3 Rc6 35. Rc2 Qb4 36. Qf5 Qxd4 37. exd4 Rxe1 38. Qd3 Nfe4 39. fxe4 dxe4 40. Qd2 1-0

[Event "Biel (open)"]
[Site "?"]
[Date "1999.??.??"]
[Round "?"]
[White "Milov, V."]
[Black "Grischuk, A."]
[Result "1-0"]
[WhiteElo "2625"]
[BlackElo "2545"]
[PlyCount "145"]
[EventDate "1999.??.??"]
[Source "Chess Informant"]
[SourceDate "1999.06.01"]

1. d4 d5 2. c4 e6 3. Nf3 c5 4. cxd5 exd5 5. g3 Nc6 6. Bg2 Nf6 7. O-O Be7 8. Nc3 O-O 9. dxc5 Bxc5 10. Bg5 d4 11. Bxf6 Qxf6 12. Nd5 Qd8 13. Nd2 Re8 14. Rc1 Bb6 15. Nc4 Bg4 16. Re1 Bc5 17. a3 a6 18. b4 Ba7 19. Nb2 Bf5 20. Nf4 Be4 21. Bxe4 Rxe4 22. Qd3 Re7 23. Qf3 Qd7 24. Qd5 Qg4 25. Qh5 Qd7 26. Qd5 Qg4 27. Qh5 Qd7 28. Nbd3 Rae8 29. Rc2 h6 30. Rec1 Qd6 31. Qf3 Re4 32. Nc5 Bxc5 33. Rxc5 Qf6 34. Kg2 Qd6 35. Rd5 Qe7 36. Rcc5 Re5 37. Rxe5 Nxe5 38. Qe4 Nc6 39. Qxe7 Rxe7 40. Kf1 f6 41. Ke1 Ne5 42. Kd2 b5 43. h4 Nc4+ 44. Kd3 Nxa3 45. Rc6 Ra7 46. Ne6 Nc4 47. Rc7 Rxc7 48. Nxc7 a5 49. bxa5 Nxa5 50. Nxb5 h5 51. Nxd4 Kf7 52. e4 Nb7 53. Kc4 Nd6+ 54. Kd5 Ne8 55. f4 Ke7 56. Nf5+ Kd7 57. e5 Nc7+ 58. Ke4 g6 59. Nd4 Ke7 60. f5 Kf7 61. e6+ Kg7 62. Ne2 gxf5+ 63. Kxf5 Nb5 64. Ke4 Kf8 65. Nf4 Ke7 66. Kf5 Nd6+ 67. Kg6 f5 68. Nxh5 Kxe6 69. Ng7+ Ke5 70. h5 f4 71. gxf4+ Kxf4 72. h6 Nc4 73. Ne6+ 1-0

[Event "Cap d'Agde FRA"]
[Site "Cap d'Agde FRA"]
[Date "1994.??.??"]
[Round "?"]
[White "Psakhis, Lev B"]
[Black "Graf, Alexander"]
[Result "1/2-1/2"]
[WhiteElo "2585"]
[BlackElo "2575"]
[PlyCount "40"]
[EventDate "1994.??.??"]
[Source "www.chesslib.no"]
[SourceDate "2004.05.04"]

1. c4 c5 2. Nf3 Nf6 3. g3 e6 4. Bg2 d5 5. cxd5 exd5 6. d4 Be7 7. O-O O-O 8. Nc3 Nc6 9. b3 Re8 10. Bb2 Bg4 11. dxc5 Bxc5 12. Rc1 d4 13. Nb5 Qb6 14. Rxc5 Qxc5 15. Nc7 Rad8 16. Nxe8 Nxe8 17. Qd2 Nc7 18. Rc1 Qh5 19. Rd1 Ne6 20. Qc2 h6 1/2-1/2

[Event "22nd GP Open A"]
[Site "Le Touquet FRA"]
[Date "2007.11.02"]
[Round "9"]
[White "Brodsky, M."]
[Black "Ikonnikov, Vy"]
[Result "1/2-1/2"]
[WhiteElo "2597"]
[BlackElo "2555"]
[PlyCount "69"]
[EventDate "2007.10.27"]
[Source "www.chesslib.no"]
[SourceDate "2004.05.04"]

1. d4 d5 2. c4 e6 3. Nf3 c5 4. cxd5 exd5 5. g3 Nf6 6. Bg2 Nc6 7. O-O Be7 8. Nc3 O-O 9. Bg5 c4 10. Ne5 Be6 11. b3 Qa5 12. Nxc6 bxc6 13. Qd2 Rad8 14. Na4 Qxd2 15. Bxd2 cxb3 16. axb3 Ne4 17. Ba5 Rb8 18. Rfb1 Bf5 19. f3 Ng5 20. Rb2 Ne6 21. e3 Rb5 22. b4 Bd3 23. Rc1 Rfb8 24. Rxc6 g6 25. Rd2 Bxb4 26. Bxb4 Rxb4 27. Nc3 Bc4 28. f4 Rd8 29. Bf1 Bb3 30. Na2 Rb7 31. Rb2 Rdb8 32. Nc3 Rb6 33. Rxb6 Rxb6 34. Rb1 Nc7 35. Bd3 1/2-1/2

[Event "RUS-Cup final"]
[Site "Ekaterinburg"]
[Date "1999.??.??"]
[Round "6"]
[White "Volkov, Sergey"]
[Black "Kiriakov, Petr"]
[Result "1-0"]
[WhiteElo "2587"]
[BlackElo "2564"]
[PlyCount "131"]
[EventDate "1999.08.28"]
[Source "ChessBase"]
[SourceDate "2000.04.05"]

1. d4 e6 2. c4 d5 3. Nc3 c5 4. cxd5 exd5 5. Nf3 Nc6 6. g3 Nf6 7. Bg2 Be7 8. O-O O-O 9. Bg5 c4 10. Ne5 Be6 11. Qd2 Nd7 12. Nxc6 bxc6 13. Bxe7 Qxe7 14. e4 dxe4 15. Nxe4 Rab8 16. Rfc1 Bd5 17. Nc3 Bxg2 18. Kxg2 Qb4 19. Rc2 Nf6 20. Nd1 Rfd8 21. Qxb4 Rxb4 22. a3 Ra4 23. Rac1 Rxd4 24. Ne3 g6 25. Nxc4 Nd7 26. Rc3 c5 27. R1c2 Ra6 28. Rb3 Re6 29. Rb7 a6 30. Rc7 h5 31. h4 Kg7 32. Na5 Rb6 33. Re2 Kf6 34. Nc6 Rd1 35. a4 Rb3 36. a5 Rd6 37. Ne7 Rb8 38. Nc8 Rd1 39. Rc6+ Kg7 40. Nd6 Nf6 41. Re7 Rf8 42. Rxa6 Rd2 43. b3 Ng4 44. Ne4 Ra2 45. Raa7 Ne3+ 46. Kg1 Ra1+ 47. Kh2 Ng4+ 48. Kg2 Ra2 49. a6 Kg8 50. Nxc5 Rxf2+ 51. Kg1 Ra2 52. Rad7 Rc8 53. b4 Rc6 54. a7 Ra1+ 55. Kg2 Rf6 56. Re2 Kg7 57. Ne6+ Kh7 58. Ng5+ Kg7 59. b5 Rff1 60. Nf3 Rfb1 61. Rb7 Rb3 62. Ng5 Ne3+ 63. Kh3 Rh1+ 64. Rh2 Nf1 65. Rxf7+ Kh6 66. Rh7# 1-0

[Event "Dresden ZMD op"]
[Site "?"]
[Date "2003.08.01"]
[Round "8"]
[White "Ftacnik Lubomir"]
[Black "Zelcic Robert"]
[Result "1/2-1/2"]
[WhiteElo "2598"]
[BlackElo "2543"]
[PlyCount "81"]
[EventDate "2003.??.??"]
[Source "www.chesslib.no"]
[SourceDate "2004.05.04"]

1. Nf3 Nf6 2. d4 e6 3. g3 c5 4. Bg2 d5 5. c4 Be7 6. O-O Nc6 7. cxd5 exd5 8. Nc3 O-O 9. dxc5 Bxc5 10. Bg5 d4 11. Bxf6 Qxf6 12. Nd5 Qd8 13. Nd2 Re8 14. Rc1 Bb6 15. Nc4 Be6 16. Nf4 Bf5 17. a3 Be4 18. Bxe4 Rxe4 19. Qb3 Bc7 20. Qxb7 Bxf4 21. gxf4 Re6 22. Nd6 Rg6+ 23. Kh1 Rxd6 24. Rxc6 Rd7 25. Qb5 d3 26. exd3 Rxd3 27. Rfc1 h6 28. Kg2 Rd5 29. Qb7 Rd7 30. Rc7 Rxc7 31. Rxc7 Rb8 32. Rd7 Qe8 33. Qd5 a5 34. b4 axb4 35. axb4 Kh8 36. h3 Kh7 37. b5 Rb6 38. f5 Rf6 39. Kf1 Qb8 40. Re7 Qf4 41. Qe4 1/2-1/2

[Event "SSKK"]
[Site "?"]
[Date "1997.04.15"]
[Round "?"]
[White "Djurhuus Rune (NOR)"]
[Black "Holmberg Rune (SWE)"]
[Result "1/2-1/2"]
[WhiteElo "2585"]
[BlackElo "2555"]
[PlyCount "33"]
[EventDate "1997.??.??"]
[Source "www.chesslib.no"]
[SourceDate "2004.05.04"]

1. Nf3 d5 2. c4 e6 3. d4 c5 4. cxd5 exd5 5. Nc3 Nc6 6. g3 Nf6 7. Bg2 Be7 8. O-O O-O 9. b3 Ne4 10. Bb2 Bf6 11. Nxe4 dxe4 12. Nd2 Nxd4 13. Nxe4 Nf3+ 14. Bxf3 Bxb2 15. Rb1 Ba3 16. Nd6 Rb8 17. Nxc8 1/2-1/2